Datum a čas kvízu

33 Celkem bodů Celkový počet nahraných bodů na tomto kvízu bez doplňovacích otázek.
3. Pořadí na kvízu Konečné umístění týmu na tomto kvízu.

Zaznamenané odpovědi

# Otázka Odpověď Body Výsledky
1. První desítky turistů se během... České Švýcarsko 0
2. Firma Mattel minulý týden před... Downův syndrom 1
3. V pondělí začal v New Yorku pr... Ed Sheeran 0
4. V úterý byl uskutečněn první p... z Japonska 1
5. Která stáj ovládla víkendovou... Red Bull 1
6. Pojďme zavzpomínat na filmy a... Malé ženy 1
7. Poslední díl seriálu Přátelé b... Kde? 1
8. Tato smutná scéna z Nekonečnéh... Átrej (Atrey, Atreyu) 1
9. Ze kterého stále ještě vysílan... Doctor Who (Pán času) 0
10. Film Želary se do tohoto témat... Květa Legátová (vl. jm. Věra Hofmanová); Joza (Josef) 0.5